ZKM Gdynia - Śródmiejski Meleks - Statystyki

Ogólne statystyki
  • Ten quiz został rozwiązany 8 razy
  • Średni wynik to 5 z 6
Statystyki odpowiedzi
Przystanek Przystanek % Poprawnych
Woonerf Abrahama Abrahama
100%
Przystań Żeglugi Aleja Jana Pawła II
88%
Woonerf Abrahama Abrahama
88%
Park Rady Europy Aleja Jana Pawła II
75%
Sea Towers Aleja Jana Pawła II
75%
Plaża Śródmieście - Muzeum Miasta Gdyni Zawiszy Czarnego
63%
Nie znaleziono quizów pasujących do podanych kryteriów
Rozkład punktacji
Procent ludzi z każdym wynikiem
Percentyl według liczby udzielonych odpowiedzi
Twoja historia wyników
Nie rozwiązałeś tego quizu